Online katalóg knižníc regiónu Turca

Profesor Poležajev (Record no. 20967)

MARC details
000 -LEADER
fixed length control field 01874cam a2200493 a 4500
001 - CONTROL NUMBER
control field 20967
003 - CONTROL NUMBER IDENTIFIER
control field VRT
005 - DATE AND TIME OF LATEST TRANSACTION
control field 20260207124024.0
008 - FIXED-LENGTH DATA ELEMENTS--GENERAL INFORMATION
fixed length control field 230403s1951 xo 000 d slo
015 ## - NATIONAL BIBLIOGRAPHY NUMBER
National bibliography number SNBA19451955-010007
035 ## - SYSTEM CONTROL NUMBER
System control number SK01SNKBKSFS20010085547
035 ## - SYSTEM CONTROL NUMBER
System control number urn:nbn:sk:snk-am3i6bn
035 ## - SYSTEM CONTROL NUMBER
System control number 01FBF350-AAEB-4D40-9F85-D8EE29702F0E
035 ## - SYSTEM CONTROL NUMBER
System control number urn:nbn:sk:snk-am00dlmm
035 ## - SYSTEM CONTROL NUMBER
System control number SKM000088010
039 #9 - LEVEL OF BIBLIOGRAPHIC CONTROL AND CODING DETAIL [OBSOLETE]
Level of rules in bibliographic description 202304032058
Level of effort used to assign nonsubject heading access points VLOAD
Level of effort used to assign subject headings 202212050957
Level of effort used to assign classification VLOAD
Level of effort used to assign subject headings 202205120833
Level of effort used to assign classification VLOAD
Level of effort used to assign subject headings 202106231923
Level of effort used to assign classification VLOAD
040 ## - CATALOGING SOURCE
Original cataloging agency SNK
Language of cataloging slo
Transcribing agency SNK
Description conventions AACR2
041 1# - LANGUAGE CODE
Language code of text/sound track or separate title slo
Language code of original rus
044 ## - COUNTRY OF PUBLISHING/PRODUCING ENTITY CODE
MARC country code xo
ISO country code SK
072 #7 - SUBJECT CATEGORY CODE
Subject category code 821.161.1
Subject category code subdivision Ruská literatúra
Source konspekt
080 ## - UNIVERSAL DECIMAL CLASSIFICATION NUMBER
Universal Decimal Classification number 821.161.1-2
Edition identifier 2001
100 1# - MAIN ENTRY--PERSONAL NAME
Personal name Rachmanov, Leonid Nikolajevič,
Dates associated with a name 1908-1988
Relationship aut
240 10 - UNIFORM TITLE
Uniform title Bespokojnaja starosť
Language of a work Slovensky
245 10 - TITLE STATEMENT
Title Profesor Poležajev
Remainder of title hra v štyroch dejstvách
Statement of responsibility, etc. Leonid Rachmanov ; [z ruského originálu Bespokojnaja starosť ... preložil František Oktavec]
250 ## - EDITION STATEMENT
Edition statement 1. vyd.
260 ## - PUBLICATION, DISTRIBUTION, ETC.
Place of publication, distribution, etc. Martin
Name of publisher, distributor, etc. Matica slovenská
Date of publication, distribution, etc. 1951
Place of manufacture Martin
Manufacturer Neografia
300 ## - PHYSICAL DESCRIPTION
Extent 99, [1] s.
Dimensions
366 ## - TRADE AVAILABILITY INFORMATION
Note 3300 výtl.
490 1# - SERIES STATEMENT
Series statement Prekladová divadelná knižnica
Volume/sequential designation sv. 16
655 #7 - INDEX TERM--GENRE/FORM
Genre/form data or focus term ruské drámy
Source of term SNKPH
655 #7 - INDEX TERM--GENRE/FORM
Genre/form data or focus term Russian drama
Source of term SNKPHeng
700 1# - ADDED ENTRY--PERSONAL NAME
Personal name Oktavec, František,
Dates associated with a name 1917-2009
Relationship trl
700 1# - ADDED ENTRY--PERSONAL NAME
Personal name Tvarožek, Eduard Vladimír,
Dates associated with a name 1920-1999
Relationship red
830 #0 - SERIES ADDED ENTRY--UNIFORM TITLE
Uniform title Prekladová divadelná knižnica
910 ## - USER-OPTION DATA (OCLC)
User-option data snk
942 ## - ADDED ENTRY ELEMENTS (KOHA)
Source of classification or shelving scheme Dewey Decimal Classification
Koha item type Krásna literatúra pre dospelých
Suppress in OPAC No
949 ## - LOCAL PROCESSING INFORMATION (OCLC)
6 17A0662571
a snkSD 6934/16 D1
b snkD 1768/60
949 ## - LOCAL PROCESSING INFORMATION (OCLC)
6 17A0662581
a snkSD 6934/16 D2
b snkF 5482/62
949 ## - LOCAL PROCESSING INFORMATION (OCLC)
6 2889092601
a savukM 9824
949 ## - LOCAL PROCESSING INFORMATION (OCLC)
6 2889347791
a savukIIIA 1185
o PV 10752
949 ## - LOCAL PROCESSING INFORMATION (OCLC)
6 270001000639557
a svkbbS 39887
b svkbbm 62740
949 ## - LOCAL PROCESSING INFORMATION (OCLC)
6 17A0912090
a snkSD 6934/16
b snk3291/51
o I. 463/51 - evidenčné číslo
s 6100:20190903
Holdings
Stav vyradenia Strata Poškodenie Spôsob nadobudnutia Domovská knižnica Aktuálna knižnica Dátum nadobudnutia Total checkouts Čiarový kód exemplára Date last seen Typ exemplára Verejná poznámka
      Dar Obecná knižnica Horná Štubňa Obecná knižnica Horná Štubňa 07.02.2026   4736201138 07.02.2026 Krásna literatúra pre dospelých divadelná hra
Projekt je podporený Slovenskou asociáciou knižníc
Prevádzkuje Turčianska knižnica Martin 2026